Qué verde era mi valle = How Green Was My Valley /

Obra sobre los valores familiares que hace un retrato de las condiciones de vida de los mineros galeses de finales del siglo XIX. Narra la historia de una orgullosa familia que se transforma simultáneamente con los cambios que ocurren en la mina que les da sustento: el recorte de sus ingresos enfren...

Olles dieđut

Furkejuvvon:
Bibliográfalaš dieđut
Váldodahkki: Ford, John (realización)
Eará dahkkit: Dunne, Philip (guión) (guión), Miller, Arthur C. (fotógrafo) (fotógrafo), Wakeling, Gwen (vestuario) (vestuario), Clark, James B. (montaje) (montaje), Newman, Alfred (música) (música), Pidgeon, Walter (actuación) (actuación), O'Hara, Maureen (actuación) (actuación), Lee, Anna (actuación) (actuación)
Materiálatiipa: Dia
Giella:eaŋgalasgiella
Fáttát:
Fáddágilkorat: Lasit fáddágilkoriid
Eai fáddágilkorat, Lasit vuosttaš fáddágilkora!

MARC

LEADER 00000ngm^a2200000^a^4500
001 000297379
005 20250521000000.0
009 20260310112336.878
037 |a Acervo ITESO - Biblioteca 
041 |a ING 
082 |a 810.  |b FOR 
100 |a Ford, John  |e (realización) 
240 1 1 |a [Cuán verde era mi valle] 
240 1 1 |a [Cuán verde era mi valle. Adaptaciones] 
240 1 1 |a [¡Qué verde era mi valle!] 
245 1 0 |a Qué verde era mi valle =  |b How Green Was My Valley /  |c Realización de J. Ford. 
246 2 |a Título en México: ¡Qué verde era mi valle! [salas de cine] 
246 2 |a Título en México: Qué verde era mi valle [DVD] 
264 2 |a México :  |b Twentieth Century Fox [distribución],  |c 2005, c2005 
300 |a 1 DVD región 4  |c (119 min.) 
336 |a imagen móvil bidimensional  |b tdi  |2 rdacontenido 
337 |a video  |b v  |2 rdamedio 
338 |a videodisco  |b vd  |2 rdasoporte 
500 |a Basado en: Cuán verde era mi valle, de Richard Llewellyn 
520 |a Obra sobre los valores familiares que hace un retrato de las condiciones de vida de los mineros galeses de finales del siglo XIX. Narra la historia de una orgullosa familia que se transforma simultáneamente con los cambios que ocurren en la mina que les da sustento: el recorte de sus ingresos enfrenta a hijos y padres porque, mientras los primeros ven en el sindicalismo y el socialismo la única manera de hacer frente a los patrones, el padre tiene una visión más convencional; debido a los conflictos generados por posturas divergentes, la familia se desintegra. 
546 |a En inglés, con subtítulos opcionales: español, inglés, portugués 
546 |a Doblaje opcional: español, portugués 
586 |a Premio Oscar, de la Academia Norteamericana de Cine (14°: 1941): Mejor Película (ganadora) 
586 |a Premio Oscar, de la Academia Norteamericana de Cine (14°: 1941): Mejor Dirección (ganador: John Ford) 
586 |a Premio Oscar, de la Academia Norteamericana de Cine (14°: 1941): Película con más premios (5) 
586 |a Premio Cóndor de Plata, de la Asociación de Cronistas Cinematográficos de Argentina (1°: 1943): Mejor Película Extranjera (ganadora) 
586 |a Registro Nacional de Cine de la Biblioteca del Congreso: Declaraciones de 1990 
649 |a XX 
650 |a Mineros en el Cine 
650 |a Mineros -  |z Gales -  |x Condiciones Sociales y Culturales 
650 |a Familia Disfuncional en el Cine 
650 |a Melodramas 
650 |a Costumbrismo en el Cine 
650 |a Cine en Blanco y Negro -  |z EUA 
650 |a Cine Norteamericano -  |y 1940-1949 
650 |a Cine Norteamericano -  |y Siglo XX 
650 |a Novela Inglesa -  |x Adaptaciones para Cine 
650 |a Literatura Inglesa -  |y Siglo XX -  |x Adaptaciones para Cine 
650 |a Literatura y Cine 
650 |a Sindicalismo -  |z Gales -  |x Historia 
650 |a Cambios Sociales y Culturales -  |z Gales 
650 |a Industrialización -  |z Gales 
650 |a Desarrollo Económico-Social -  |z Gales 
650 |a Lealtad 
650 |a Conflicto Intergeneracional 
650 |a Conflicto Social 
650 |a Relaciones Padres-Hijos 
650 |a Relaciones entre Hermanos 
650 |a Relaciones Familiares 
650 |a Desintegración Familiar 
650 |a Desintegración Social 
650 |a Vida Cotidiana -  |z Gales 
650 |a Gales -  |x Condiciones Sociales y Culturales 
650 |a Gales-  |x Condiciones Económicas 
650 |a Gales -  |x Historia -  |y Victoria I, 1837-1901 
700 |a Dunne, Philip  |e (guión) 
700 |a Miller, Arthur C.  |e (fotógrafo) 
700 |a Wakeling, Gwen  |e (vestuario) 
700 |a Clark, James B.  |e (montaje) 
700 |a Newman, Alfred  |e (música) 
700 |a Pidgeon, Walter  |e (actuación) 
700 |a O'Hara, Maureen  |e (actuación) 
700 |a Lee, Anna  |e (actuación) 
910 |a Fondo General 
920 |a Audiovisuales - DVDs 
940 |a Películas 
905 |a 302 
901 |a 0500093691  |b IT2  |c DVS  |i C118970  |u 20250521 
902 |a https://opac.biblio.iteso.mx/vufind/Record/000297379